000 00210nam a2200085Ia 4500
008 120527s9999 xx 000 0 und d
100 _aZechmeister, et al
245 _aEssentials of research methods
942 _cBK
999 _c27437
_d27437